| 000 | 00688nam a2200241Ia 4500 | ||
|---|---|---|---|
| 003 | OSt | ||
| 005 | 20220926014509.0 | ||
| 006 | a|||||r|||| 00| 0 | ||
| 007 | ta | ||
| 008 | 220923b |||||||| |||| 00| 0 eng d | ||
| 037 | _cGeneral Book | ||
| 040 |
_aRTL _cRTL _beng |
||
| 041 |
_2eng _aeng |
||
| 082 | _aX:8:(S:44), L0 | ||
| 100 |
_aShull Fremont A, etc. _9320711 |
||
| 245 | 0 | _aOrganizational decision making | |
| 260 |
_aNew York _bMcGraw-Hill _c1970 |
||
| 300 |
_axvi, 320p. _ccm. |
||
| 490 | _aMcGraw-Hill series in management | ||
| 650 |
_aManagement _930681 |
||
| 942 |
_hX:8:(S:44), L0 _cGB _2CC |
||
| 999 |
_c629158 _d629158 |
||